000 00301nam a22001337a 4500
020 _a81-286-0439-2
082 _a823
_bBLY/N
100 _aENID BLYTON
245 _aNODDY AND THE TOOTLES
260 _aMUMBAI
_bEURO BOOKS
300 _a60
650 _aCHILDRENS STORY BOOK
_vORIGINAL CLASSICS
942 _cBK
999 _c82
_d82